WRITING Africa in the short story
Guardat en:
| Format: | Llibre |
|---|---|
| Idioma: | anglès |
| Publicat: |
Suffolk: James Currey,
2013
|
| Etiquetes: |
Afegir etiqueta
Sense etiquetes, Sigues el primer a etiquetar aquest registre!
|
MARC
| LEADER | 00000nam a22000007a 4500 | ||
|---|---|---|---|
| 008 | 210126b ||||| |||| 00| 0 eng d | ||
| 020 | |a 978-1-84701-081-0 | ||
| 245 | |a WRITING Africa in the short story |c Nrnest N. Emenyonu ….[et al.]. |e [African literature today 31]. |g xii, 179p. | ||
| 250 | |c Nrnest N. Emenyonu ….[et al.]. | ||
| 260 | |b Suffolk: James Currey, |c 2013 |h Wood bridge, |i 694246 |i 694247 |l PR9344 .W93 |m Short stories, African (English) – History and criticism. | ||
| 500 | |a “It includes references” | ||
| 942 | |a lcc |c BK |e Adeniran, F. A |f 26/01/2021 | ||
| 952 | |0 0 |1 0 |2 lcc |4 0 |6 PR9344 W93 |7 0 |9 1905 |a HOL |b ART |c LP |d 2021-01-26 |l 0 |o PR9344 .W93 |p 2021-5772 |r 2021-01-26 00:00:00 |w 2021-01-26 |y BK | ||
| 952 | |0 0 |1 0 |2 lcc |4 0 |6 PR9344 W93 |7 0 |9 1908 |a HOL |b HOL |c LP |d 2021-01-26 |l 0 |o PR9344 .W93 |p 2021-5774 |r 2021-01-26 00:00:00 |w 2021-01-26 |y BK | ||
| 999 | |c 1003 |d 1003 | ||